Le Petit Robert micro (Registo nº 1382)

Detalhes MARC
000 -Etiqueta do registo
Cabeçalho 00635nam0a2200253 4500
005 - Identificador da versão
Campo de controlo 20240813121834.0
010 ## - Número internacional normalizado dos livros (ISBN)
Número (ISBN) 9782849028919
021 ## - Número do Depósito Legal
Código do país PT
100 ## - Dados gerais de processamento
Dados gerais de processamento 20120309d2011 m y0pory5003 ba
102 ## - Pais de publicação ou produção
País de publicação Portugal
101 0# - Língua de publicação
Língua do texto, banda sonora, etc. Indeterminada (língua)
106 ## - Campo de dados codificados: material textual
Dados codificados do material textual r
105 ## - Campo de dados codificados: livros
Dados codificados dos livros y z 001yy
215 ## - Descrição física 
Indicação específica da natureza do documento e extensão da espécie 1610 p
200 1# - Titulo e menção de responsabilidade
Título próprio Le Petit Robert micro
Primeira menção de responsabilidade Alain Rey
205 ## - Menção da edição
Menção da edição 4ª ed
210 ## - Publicação, Distribuição, etc. 
Lugar da edição, distribuição, etc. Paris
Nome do editor, distribuidor, etc. Dictionnaires Le Robert
Data da publicação, distribuição, etc. 2011
300 ## - Notas gerais 
Texto da nota Le dictionnaire de référence pour l'apprentissage du français
700 #1 - Nome de autor-pessoa física (responsabilidade principal)
Número de registo de entrada de autoridade 0001944
Palavra de ordem Rey
Outra parte do nome não tomada para palavra de ordem Alain
966 ## - Identificação da Biblioteca
Sigla NUMETECA
942 ## - Elementos de entrada adicionados (Koha)
Tipo de item no Koha Livro
Exemplares
Situação do levantamento Origin of item (home branch) (coded) Biblioteca de empréstimo Código de barras Cota Circulation type (not for loan) Tipo de documento Nota do exemplar Damaged status
  Biblioteca Escolar Eng. Nuno Mergulhão Biblioteca Escolar Eng. Nuno Mergulhão BENM3305 | 2011 811 DIC   Livro Sem mensagem  
  Biblioteca Escolar Eng. Nuno Mergulhão Biblioteca Escolar Eng. Nuno Mergulhão BENM3306 | 2011 811 DIC   Livro Sem mensagem